=LDR 00000nam 2200000 4500 =001 INLIS000000000052616 =005 20200824010501 =035 ##$$a 0010-0218000312 =008 200824################g##########0#ind## =041 ##$$a ind =082 ##$$a 001.42 =090 ##$$a 001.4, Nas m =100 #$$a Cholid Narbuko =245 1#$$a Metodologi Penelitian : $b Memberikan Bekal Koretis Pada Mahasiswa Tentang Metodologi Penelitian Serta Di Harapkan Dapat Melaksanakan Penelitian Dengan Langkah-Langkah Yang Benar /$c Drs.Cholid Narbuko, Drs. H. Abu Achmadi =260 ##$$a Jakarta :$b Bumi Aksara,$c 2016 =300 ##$$a ix, 206 hlm. ; $c 14,5x20,5 cm. =650 #4$$a Penelitian - Metodologi =700 #$$a Achmadi, Abu =850 ##$$a NBPNMAT =020 ##$$a 979-526-107-X =084 ##$$a 001.42 CHO m =250 ##$$a cet.15 =504 ##$$a Bibliografi : hlm. 205 =990 ##$$a 21709330 =990 ##$$a 21709329 =990 ##$$a 21709328 =990 ##$$a 21709327 =990 ##$$a 21709326 =990 ##$$a 21709327 =990 ##$$a 21709330 =990 ##$$a 21709329 =990 ##$$a 21709328 =990 ##$$a 21709326